000
00249nam a22001097a 4500
003
OSt
008
231116b |||||||| |||| 00| 0 eng d
041
_a
mal
100
_a
Divakaran, Kattakkada
_9
5688
245
_a
Keraleeya Gramangaliloode
942
_c
BK
999
_c
17966
_d
17966